000
00238nam a2200121Ia 4500
100
_a
CIMI-DGET
942
_c
BK
245
_a
TURNER IINDYEAR TRADETHEORY.
260
_b
CIMI
_a
Chennai
300
_a
175
546
_a
ENGLISH
999
_c
34437
_d
34437